[Event "Pohár města Říčany 2018"]
[Site "Městské kulturní středisko U labutě"]
[Date "2018.08.28"]
[Round "5.22"]
[White "Cabart, Pavel"]
[Black "Jun, Rudolf"]
[Result "0-1"]
[WhiteElo "1750"]
[BlackElo "1905"]
[PlyCount "0"]
[EventDate "2018.08.25"]

1. e4 c5 2. Nf3 e6 3. d4 cxd4 4. Nxd4 Nf6 5. Nc3 d6 6. Be3 a6 7. f3 Qc7 8. g4
Be7 9. Qd2 b5 10. g5 Nh5 11. O-O-O O-O 12. Kb1 Bb7 13. Bh3 b4 14. Nce2 g6
15. Bxe6 fxe6 16. Nxe6 Qc4 17. Nxf8 Bxf8 18. Ng3 Nxg3 19. hxg3 Nc6 20. Bf4 Rd8
21. Qh2 Qf7 22. g4 a5 23. e5 dxe5 24. Rxd8 Nxd8 25. Bxe5 a4 26. Bf6 Ne6 27. Qe2
Nc5 28. Rd1 b3 29. cxb3 axb3 30. a3 Ba6 31. Qe3 Qc4 32. Rc1 Qd5 33. f4 Bd3+
34. Ka1 Bc2 35. Qc3 Nd3 36. Rf1 Qf7 37. a4 Nb4 38. Rf2 Qe6 39. Rf1 Qa6 0-1

[Event "Pohár města Říčany 2018"]
[Site "Městské kulturní středisko U labutě"]
[Date "2018.08.28"]
[Round "5.23"]
[White "Otrubova, Kristyna"]
[Black "Havelka, Petr"]
[Result "1-0"]
[WhiteElo "1651"]
[BlackElo "1847"]
[PlyCount "0"]
[EventDate "2018.08.25"]

1. e4 d5 2. exd5 Qxd5 3. Nc3 Qd8 4. Bc4 Nf6 5. Nf3 e6 6. O-O Be7 7. d4 O-O
8. Bf4 c6 9. Qe2 Nd5 10. Bg3 Nd7 11. Ne4 N7b6 12. Bb3 h6 13. c4 Nf6 14. Rad1
Nxe4 15. Qxe4 f5 16. Qe3 Bg5 17. Bf4 Bxf4 18. Qxf4 g5 19. Qe3 Qf6 20. Ne5 h5
21. a4 f4 22. Qe4 Qf5 23. Qxf5 Rxf5 24. Rfe1 a5 25. Bc2 Rf6 26. b3 Kg7 27. f3
Nd7 28. Nd3 b6 29. Re2 Bb7 30. Rde1 Re8 31. Ne5 Nf8 32. Be4 Rc8 33. c5 bxc5
34. dxc5 Rc7 35. Rd2 Rh6 36. Rd6 Kf6 37. Nxc6 Nd7 38. Nxa5 Bxe4 39. Rxe4 Nxc5
40. Rc4 Rhh7 41. Rc3 Rhd7 42. Rxd7 Rxd7 43. Rxc5 1-0

[Event "Pohár města Říčany 2018"]
[Site "Městské kulturní středisko U labutě"]
[Date "2018.08.28"]
[Round "5.24"]
[White "Vilimova, Julie"]
[Black "Jirousek, Tadeas"]
[Result "0-1"]
[WhiteElo "1836"]
[BlackElo "1737"]
[PlyCount "0"]
[EventDate "2018.08.25"]

1. d4 b6 2. c4 Bb7 3. Nc3 f5 4. e4 fxe4 5. Qh5+ g6 6. Qe5 Nf6 7. d5 Bg7 8. Nxe4
O-O 9. Nxf6+ Bxf6 10. Qe3 e6 11. dxe6 Re8 12. Qb3 Rxe6+ 13. Be3 Nc6 14. O-O-O
Qe7 15. Nf3 Na5 16. Qc2 c5 17. h4 Rd8 18. h5 g5 19. h6 d5 20. Rh5 g4 21. Ng5 Re5
22. Qd2 Qe8 23. Rh4 Nxc4 24. Bxc4 dxc4 25. Qc2 Rxd1+ 26. Qxd1 Rxg5 27. Rxg4 Rxg4
0-1

[Event "Pohár města Říčany 2018"]
[Site "Městské kulturní středisko U labutě"]
[Date "2018.08.28"]
[Round "5.26"]
[White "Kovar, Jan"]
[Black "Barton, Milan"]
[Result "1-0"]
[WhiteElo "1810"]
[BlackElo "1790"]
[PlyCount "0"]
[EventDate "2018.08.25"]

1. e4 e5 2. Nf3 d6 3. d4 exd4 4. Nxd4 Bd7 5. Bc4 Nc6 6. O-O Nxd4 7. Qxd4 Qf6
8. Qd3 O-O-O 9. Nc3 Ne7 10. Be3 Nc6 11. Nd5 Qe5 12. b4 f5 13. f4 Qxe4 14. Qb3
Re8 15. Rae1 Nd4 16. Qc3 Bb5 17. Bxd4 1-0

[Event "Pohár města Říčany 2018"]
[Site "Městské kulturní středisko U labutě"]
[Date "2018.08.28"]
[Round "5.27"]
[White "Lhotska, Anna"]
[Black "Hampel, Rudolf"]
[Result "0-1"]
[WhiteElo "1770"]
[BlackElo "1686"]
[PlyCount "0"]
[EventDate "2018.08.25"]

1. d4 Nf6 2. Bf4 d6 3. e3 g6 4. Nf3 Bg7 5. Nbd2 O-O 6. Be2 Nbd7 7. O-O Nh5
8. Bg5 f5 9. c3 Ndf6 10. Qb3+ Kh8 11. Bh4 h6 12. Ne1 g5 13. Bg3 Qe8 14. Nd3 Nd7
15. f4 Nxg3 16. hxg3 e5 17. fxg5 hxg5 18. Kf2 Rf6 19. Rh1+ Bh6 20. Rh5 Kg7
21. Rah1 Nb6 22. Ke1 Be6 23. Qd1 exd4 24. exd4 Qe7 25. Kf1 Re8 26. Nf3 Bf7
27. R5h2 Nd5 28. Kg1 g4 29. Nh4 Kf8 30. Kf2 Qe3+ 31. Ke1 Qxg3+ 32. Nf2 Be3
33. Qc2 Bxf2+ 0-1

[Event "Pohár města Říčany 2018"]
[Site "Městské kulturní středisko U labutě"]
[Date "2018.08.28"]
[Round "5.28"]
[White "Havel, Jan"]
[Black "Paldus, Jan"]
[Result "1/2-1/2"]
[WhiteElo "1710"]
[BlackElo "1812"]
[PlyCount "0"]
[EventDate "2018.08.25"]

1. d4 d5 2. c4 e6 3. Nc3 Nf6 4. Bg5 Be7 5. Nf3 O-O 6. e3 h6 7. Bh4 Ne4 8. Bxe7
Qxe7 9. cxd5 exd5 10. Rc1 c6 11. Nd2 Bf5 12. Ndxe4 dxe4 13. g3 Nd7 14. Bg2 Nf6
15. O-O Bg4 16. Qc2 Bf5 17. Rce1 Rfe8 18. a3 Qd7 19. Na4 b6 20. Rc1 Rac8 21. b4
Bh3 22. Nc3 Bxg2 23. Kxg2 Qf5 24. Qe2 Nd5 25. Nxd5 cxd5 26. Rfd1 h5 27. h3 g6
28. g4 hxg4 29. Qxg4 Qxg4+ 30. hxg4 g5 31. a4 a6 32. b5 1/2-1/2

[Event "Pohár města Říčany 2018"]
[Site "Městské kulturní středisko U labutě"]
[Date "2018.08.28"]
[Round "5.29"]
[White "Skrabanek, Matej"]
[Black "Vit, Zdenek"]
[Result "0-1"]
[WhiteElo "1711"]
[BlackElo "1692"]
[PlyCount "0"]
[EventDate "2018.08.25"]

1. e4 e5 2. f4 Bc5 3. Nf3 d6 4. Nc3 Nf6 5. d3 a5 6. Qe2 Nc6 7. h3 Nh5 8. Qd1
Ng3 9. Rh2 O-O 10. Be2 Nd4 11. f5 b5 12. h4 Bb4 13. Nxd4 exd4 14. a3 Bxc3+
15. bxc3 Nxe2 16. Qxe2 dxc3 17. d4 Bxf5 18. exf5 Re8 19. Be3 Qd7 20. Qf3 Rxe3+
21. Qxe3 Re8 22. Qxe8+ Qxe8+ 23. Kf2 Qe4 24. Re1 Qxd4+ 25. Kf3 Qd5+ 26. Kf4 Qd2+
27. Re3 Kf8 28. Rh1 Qd4+ 29. Re4 Qd2+ 0-1

[Event "Pohár města Říčany 2018"]
[Site "Městské kulturní středisko U labutě"]
[Date "2018.08.28"]
[Round "5.30"]
[White "Ruzicka, Vaclav"]
[Black "Hlavacek, Ondrej"]
[Result "1/2-1/2"]
[WhiteElo "1642"]
[BlackElo "1737"]
[PlyCount "0"]
[EventDate "2018.08.25"]

1. d4 Nf6 2. c4 e6 3. Nf3 Be7 4. g3 b6 5. Bg2 Bb7 6. O-O O-O 7. Nc3 d6 8. Qc2
Nbd7 9. Rd1 d5 10. cxd5 Nxd5 11. Nxd5 exd5 12. Bf4 Rc8 13. Bh3 c5 14. Ne5 cxd4
15. Qa4 Nc5 16. Qxd4 Ne6 17. Qa4 Nc5 1/2-1/2

[Event "Pohár města Říčany 2018"]
[Site "Městské kulturní středisko U labutě"]
[Date "2018.08.28"]
[Round "5.31"]
[White "Dome, Michal"]
[Black "Konvalinka, Vladislav"]
[Result "1/2-1/2"]
[WhiteElo "1755"]
[BlackElo "1740"]
[PlyCount "0"]
[EventDate "2018.08.25"]

1. e4 e6 2. d4 d5 3. Nd2 a6 4. c3 c5 5. Bd3 dxe4 6. Nxe4 cxd4 7. cxd4 Nc6
8. Nf3 Bb4+ 9. Nc3 Nf6 10. O-O O-O 11. a3 Be7 12. Re1 b5 13. Bc2 Bb7 14. Bg5 h6
15. Bh4 Nd5 16. Qd3 g6 17. Nxd5 Qxd5 18. Bb3 Qd8 19. Bxe6 Kg7 20. Bxe7 Nxe7
21. Ba2 Nd5 22. Qd2 Qf6 23. Bxd5 Bxd5 24. Ne5 Qh4 25. f3 Rad8 26. Qf2 Qxf2+
27. Kxf2 f6 28. Ng4 Rf7 29. Rad1 Rfd7 30. Ne3 Bb7 31. d5 f5 1/2-1/2